Digital systems:principles and applications (Record no. 571732)
[ view plain ]
| 000 -LEADER | |
|---|---|
| fixed length control field | 00562nam a22001937a 4500 |
| 003 - CONTROL NUMBER IDENTIFIER | |
| control field | CEME |
| 005 - DATE AND TIME OF LATEST TRANSACTION | |
| control field | 20210628203001.0 |
| 008 - FIXED-LENGTH DATA ELEMENTS--GENERAL INFORMATION | |
| fixed length control field | 210105b xxu||||| |||| 00| 0 eng d |
| 020 ## - INTERNATIONAL STANDARD BOOK NUMBER | |
| International Standard Book Number | 9788131727249 |
| 040 ## - CATALOGING SOURCE | |
| Transcribing agency | . |
| 082 ## - DEWEY DECIMAL CLASSIFICATION NUMBER | |
| Classification number | 621.381 TOS |
| 100 ## - MAIN ENTRY--PERSONAL NAME | |
| Personal name | Tocci, Ronald J ,Widmer, Neal S ,Moss, Gregory L |
| 9 (RLIN) | 62707 |
| 245 ## - TITLE STATEMENT | |
| Title | Digital systems:principles and applications |
| 250 ## - EDITION STATEMENT | |
| Edition statement | 10TH |
| 260 ## - PUBLICATION, DISTRIBUTION, ETC. | |
| Place of publication, distribution, etc. | INDIA |
| Name of publisher, distributor, etc. | PEARSON EDUCATION |
| Date of publication, distribution, etc. | 2013 |
| 300 ## - PHYSICAL DESCRIPTION | |
| Extent | XIX, 848P |
| 650 ## - SUBJECT ADDED ENTRY--TOPICAL TERM | |
| Topical term or geographic name entry element | TEXTBOOK-DCE.DIGITAL SYSTEMS:PRINCIPLES AND APPLICATIONS |
| 9 (RLIN) | 62708 |
| 942 ## - ADDED ENTRY ELEMENTS (KOHA) | |
| Koha item type | Book |
| Source of classification or shelving scheme | |
| Withdrawn status | Lost status | Damaged status | Not for loan | Permanent Location | Current Location | Shelving location | Date acquired | Total Checkouts | Full call number | Barcode | Date last seen | Price effective from | Koha item type | Source of classification or shelving scheme |
|---|---|---|---|---|---|---|---|---|---|---|---|---|---|---|
| College of Electrical & Mechanical Engineering (CEME) | College of Electrical & Mechanical Engineering (CEME) | General Stacks | 07/24/2017 | 621.381 TOS | CEME-48561 | 06/28/2021 | 06/28/2021 | Book | ||||||
| College of Electrical & Mechanical Engineering (CEME) | College of Electrical & Mechanical Engineering (CEME) | General Stacks | 07/24/2017 | 621.381 TOS | CEME-48562 | 06/28/2021 | 06/28/2021 | Book | ||||||
| College of Electrical & Mechanical Engineering (CEME) | College of Electrical & Mechanical Engineering (CEME) | General Stacks | 07/24/2017 | 621.381 TOS | CEME-48563 | 06/28/2021 | 06/28/2021 | Book | ||||||
| College of Electrical & Mechanical Engineering (CEME) | College of Electrical & Mechanical Engineering (CEME) | General Stacks | 07/24/2017 | 621.381 TOS | CEME-48564 | 06/28/2021 | 06/28/2021 | Book |
